01542cam a2200253 a 4500999001700000001000900017005001700026008004100043010001700084020003600101050002100137100004900158245011200207260004800319300005100367504006400418505046500482650005600947650006701003651003101070651003201101942003301133952012201166 c18839d188391603773020170114095812.0091230s2010 ctuab b 001 0 eng  a 2009054225 a9780300154214 (cl : alk. paper)00aN5760 .C549 20101 aChristian, Kathleenq(Kathleen Wren),d1971-10aEmpire without end :bantiquities collections in Renaissance Rome, c. 1350-1527 /cKathleen Wren Christian. aNew Haven :bYale University Press,cc2010. aix, 440 p. :bill. (some col.), maps ;c27 cm. aIncludes bibliographical references (p. 389-423) and index.0 aAntiquity as example: Rome in the era of Petrarch and Cola di Rienzo -- The poetics of the collection: Cardinal Prospero Colonna's "Gardens of Maecenas" -- Fictive genealogies and ancestral collections in fifteenth-century Rome -- The virtues of the papal collector: Paul II and Sixtus IV -- Pomponio Leto and the academic garden -- The era of collecting, 1480-1527 -- Epilogue: the Sack of Rome -- Catalogue: collections in Roman houses and vigne before 1527. 0aArt, RomanxCollectors and collectingzItalyzRome. 0aClassical antiquitiesxCollectors and collectingzItalyzRome. 0aRome (Italy)xAntiquities. 0aRome (Italy)xCivilization. 2lcccBOOKShN5760 .C549 2010 00102lcc4070aMUCbMUCcTECHd2017-01-14eDonation(BFA)l0oN5760 .C549 2010p29477r2018-07-18w2017-01-14yBOOKS